Szczegóły MARC21

Trawy : właściwości, występowanie i wykorzystanie /

003 -Nazwa inst., której nr kontr. jest w polu 001 [,]
    • @
    • Nazwa instytucji, której n kontrolny jest w polu 001
    • NUKAT
005 -DATA I CZAS OSTATNIEJ MODYFIKACJI [,]
    • @
    • pole kontrolne
    • 20241231093743.0
020 -Międzynarod. znormalizowany nr książki - ISBN [ , ]
    • a
    • Numer ISBN
    • 9788309011408 Find
040 -Instytucja sporządzająca opis [ , ]
    • a
    • Instytucja, która sporządziła opis (NP)
    • SIEDL 001/AD
    • c
    • Instytucja, która sporządziła rekord (NP)
    • SIEDL 001/AD
    • d
    • Instytucja, która zmodyfikowała rekord (P)
    • OLSZT 003/ISOs
942 -Rodzaj dokumentu [ , ]
    • c
    • Rodzaj dokumentu
    • Książka
245 -Strefa tytułu i oznaczenia odpowiedzialności [0,0]
    • a
    • Tytuł
    • Trawy : Find
    • b
    • Ciąg dalszy tytułu (NP)
    • właściwości, występowanie i wykorzystanie / Find
    • c
    • Pozostałe elementy strefy tytułu i oznaczenia odpowiedzialności (NP)
    • pod red. Stanisława Kozłowskiego ; [aut. Barbara Golińska et al.].
260 -Strefa adresu wydawniczego [ , ]
    • a
    • Miejsce wydania (P)
    • Poznań :
    • b
    • Nazwa wydawcy (P)
    • Powszechne Wydawnictwo Rolnicze i Leśne,
    • c
    • Data wydania (P)
    • cop. 2012.
300 -Strefa opisu fizycznego [ , ]
    • a
    • Określenie formy książki i/lub objętość (NP)
    • 400 s., [56] s. tabl. kolor. :
    • b
    • Oznaczenie ilustracji (NP)
    • il. ;
    • c
    • Format (NP)
    • 25 cm.
336 -Typ zawartości [ , ]
    • a
    • Termin opisujący typ zawartości
    • Tekst
    • b
    • Kod określający zawartość
    • txt
    • 2
    • Źródło (terminu i kodu)
    • rdacontent
337 -Typ mediów [ , ]
    • a
    • Tryb odtwarzania
    • Bez urządzenia pośredniczącego
    • b
    • Kod typu mediów
    • n
    • 2
    • Źródło (terminu i kodu)
    • rdamedia
338 -Typ/rodzaj nośnika [ , ]
    • a
    • Hasło opisujące typ nośnika
    • Wolumin
    • b
    • Kod typu nośnika
    • nc
    • 2
    • Źródło (terminu i kodu)
    • rdacarrier
500 -Uwaga ogólna [ , ]
    • a
    • Uwaga ogólna (NP)
    • Na s. 4 okł. błędnie zapisany ISBN.
504 -Uwaga dot. bibliogr. załącznikowej [ , ]
    • a
    • Uwaga dot. bibliografii załącznikowej
    • Bibliogr. s. 380-390. Indeksy.
080 -Uniwersalna Klasyfikacja Dziesiętna [ , ]
    • 2
    • Identyfikator wydania tablic
    • UDC-P058
    • 9
    • UKD
    • 5363
    • a
    • Symbol klasyfikacji
    • 633.2
    • b
    • Dopowiedzenie
    • Trawy pastewne i łąkowe. Użytki zielone: łąki, pastwiska itd.. Łąkarstwo.
    • 4
    • UKD2
    • 7665
    • x
    • Poddział wspólny
    • (075.8)
    • c
    • Dopowiedzenie poddz. wspólnego
    • (Podręczniki dla szkół wyższych. Skrypty).
080 -Uniwersalna Klasyfikacja Dziesiętna [ , ]
    • 2
    • Identyfikator wydania tablic
    • UDC-P058
    • 9
    • UKD
    • 4437
    • a
    • Symbol klasyfikacji
    • 582.52/.59
    • b
    • Dopowiedzenie
    • Jednoliścienne. Trawy. Obrazkowe. Liliowe. Storczykowce. Storczyki.
    • 4
    • UKD2
    • 7665
    • x
    • Poddział wspólny
    • (075.8)
    • c
    • Dopowiedzenie poddz. wspólnego
    • (Podręczniki dla szkół wyższych. Skrypty).
650 -Hasło przedmiotowe [ ,7]
    • a
    • Hasło przedmiotowe
    • Trawy
    • x
    • Określnik rzeczowy
    • choroby
    • v
    • Określnik formalny
    • identyfikacja.
    • 2
    • Źródło terminu
    • kaba
    • 9
    • KHW
    • 383569
650 -Hasło przedmiotowe [ ,7]
    • a
    • Hasło przedmiotowe
    • Trawy
    • x
    • Określnik rzeczowy
    • wykorzystanie.
    • 2
    • Źródło terminu
    • kaba
    • 9
    • KHW
    • 383570
980 -Symbol UKD [ , ]
    • a
    • UKD
    • 633.2:582.52/.59](075.8)
700 -Hasło dodatkowe - nazwa osobowa [1, ]
    • a
    • Nazwa osobowa (NP)
    • Kozłowski, Stanisław Find
    • c
    • Dopowiedzenie inne niż daty biograficzne (NP)
    • (agrotechnik).
    • e
    • Określenie rodzaju współpracy
    • Red.
    • 9
    • KHW
    • 70315
700 -Hasło dodatkowe - nazwa osobowa [1, ]
    • a
    • Nazwa osobowa (NP)
    • Golińska, Barbara. Find
    • 9
    • KHW
    • 70316
710 -Hasło dodatkowe - nazwa ciała zbiorowego [2, ]
    • a
    • Nazwa ciała zbiorowego lub nazwa geograficzna jako pierwszy element (NP)
    • Powszechne Wydawnictwo Rolnicze i Leśne.
    • 4
    • Kod relacji
    • pbl
    • 9
    • KHW
    • 70317
920 -ISBN [ , ]
    • a
    • ISBN
    • 978-83-09-01140-8 Find
Data inwentaryzacji Lokalizacja Status udost. Numer inwentarzowy
2014-03-28BG1Z.118355